[Event "TCh-TUR Super League 2015"]
[Site "Kocaeli TUR"]
[Date "2015.08.13"]
[Round "11.7"]
[Board "7"]
[White "Yaver, Faik Emre"]
[Black "Gokerkan, Cem Kaan"]
[Result "1-0"]
[WhiteElo "2006"]
[BlackElo "2205"]
[WhiteTeam "Ankara Demirspor Kulubu"]
[BlackTeam "Besiktas Jimnastik Kulubu"]
[WhiteFideId "6329969"]
[BlackFideId "6336760"]
[EventDate "2015.08.04"]

1. e4 c5 2. Nf3 d6 3. d4 cxd4 4. Nxd4 Nf6 5. Nc3 a6 6. g3 e5 7. Nde2 b5 8. Bg2
Bb7 9. h3 b4 10. Nd5 Nxd5 11. exd5 Be7 12. O-O O-O 13. g4 Bg5 14. Ng3 g6 15. a3
a5 16. Bxg5 Qxg5 17. Ne4 Qe7 18. axb4 axb4 19. Rxa8 Bxa8 20. Qd2 f5 21. gxf5
gxf5 22. Ng5 Kh8 23. Ra1 Bb7 24. Ra7 Na6 25. Ne6 Rg8 26. Qh6 Nc5 27. Nxc5 dxc5
28. f3 Rg6 29. Qe3 f4 30. Qe2 Rg7 31. c4 h6 32. Kh1 Qf6 33. Ra5 Rc7 34. Qf2 Ba6
35. Qc2 Bc8 36. Ra8 Kg7 37. Bf1 Bf5 38. Qg2+ Qg5 39. h4 Qxg2+ 40. Kxg2 e4 41.
fxe4 Bxe4+ 42. Kf2 Kf6 43. Bh3 Rg7 44. Rf8+ Ke5 45. Re8+ Kd4 46. d6 Bc6 47. Rc8
Bd7 48. Rc7 Ke5 49. Rxd7 Rg3 50. Bg2 Rb3 51. Re7+ Kxd6 52. Re2 Rd3 53. Bd5 Rh3
54. Re6+ Kd7 55. Rxh6 Rb3 56. h5 Rxb2+ 57. Kf3 Rh2 58. Kxf4 b3 59. Kg5 Ke7 60.
Rb6 b2 61. h6 Kf8 62. Kg6 Ke7 63. h7 Rh3 64. Rxb2 Rg3+ 65. Kf5 Rh3 66. Rb8 Rxh7
67. Rb7+ Kd6 68. Rb6+ Kd7 69. Rc6 Rh5+ 70. Ke4 Rh4+ 71. Kd3 Rh3+ 72. Kc2 Rh2+
73. Kb3 Rh3+ 74. Ka4 Rh2 75. Kb5 Rc2 76. Kxc5 Rc1 77. Rh6 Kc7 78. Rh7+ Kb8 79.
Kd6 Rg1 80. c5 Rg6+ 81. Be6 Rg1 82. c6 Rd1+ 83. Bd5 Rc1 84. Rh8+ Ka7 85. c7 1-0

[Event "TCh-TUR Super League 2015"]
[Site "Kocaeli TUR"]
[Date "2015.08.13"]
[Round "11.7"]
[Board "8"]
[White "Arda, Cagil Irmak"]
[Black "Sahin, Hayrun Nisa"]
[Result "0-1"]
[WhiteTitle "WCM"]
[WhiteElo "1915"]
[BlackElo "1648"]
[WhiteTeam "Besiktas Jimnastik Kulubu"]
[BlackTeam "Ankara Demirspor Kulubu"]
[WhiteFideId "6351700"]
[BlackFideId "6380875"]
[EventDate "2015.08.04"]

1. e4 c5 2. Nf3 Nc6 3. Bb5 g6 4. Bxc6 dxc6 5. h3 Bg7 6. d3 Nf6 7. Nc3 Nd7 8. Be3
e5 9. Qd2 h6 10. Nh2 Qe7 11. O-O Nf8 12. Ne2 b6 13. c3 Ba6 14. c4 O-O-O 15. Qc2
Kb8 16. a4 h5 17. a5 Bb7 18. axb6 axb6 19. b4 Kc7 20. bxc5 bxc5 21. Rfb1 Rb8 22.
Ra7 Ne6 23. Qb3 Kc8 24. Nc3 Bh6 25. f4 Bxf4 26. Bf2 f6 27. Nf3 Bh6 28. Na4 Rh7
29. Be1 Kd8 30. Qb6+ Qc7 31. Nxc5 Qxb6 32. Rxb6 Be3+ 33. Bf2 Bxf2+ 34. Kxf2 Nxc5
35. Rxc6 Bxc6 36. Rxh7 Nxd3+ 37. Ke3 Nf4 38. g3 Rb3+ 39. Kf2 Rb2+ 40. Ke3 Re2# 0-1

[Event "TCh-TUR Super League 2015"]
[Site "Kocaeli TUR"]
[Date "2015.08.14"]
[Round "12.1"]
[Board "1.2"]
[White "Safarli, Eltaj"]
[Black "Fedorchuk, Sergey A."]
[Result "1/2-1/2"]
[WhiteTitle "GM"]
[BlackTitle "GM"]
[WhiteElo "2644"]
[BlackElo "2653"]
[WhiteTeam "Besiktas Jimnastik Kulubu"]
[BlackTeam "Kayseri Seker Sports Club"]
[WhiteFideId "13402129"]
[BlackFideId "14102536"]
[EventDate "2015.08.04"]

1. e4 e5 2. Nf3 Nc6 3. Bb5 Nf6 4. d3 Bc5 5. c3 O-O 6. Bxc6 bxc6 7. Nxe5 d5 8. d4
Qe7 9. O-O dxe4 10. Nxc6 Qe6 11. dxc5 Qxc6 12. Bg5 Nd7 13. b4 Ne5 14. Qd4 Re8
15. Nd2 Bb7 16. Qe3 h6 17. Bf4 Ng6 18. Nb3 Ba6 19. Rfe1 Re7 20. Nd4 Qf6 21. Bg3
Bd3 22. a4 Rae8 23. b5 h5 24. h3 Re5 25. c6 h4 26. Bxe5 Rxe5 27. f3 Nf4 28. Ra2
Rg5 29. fxe4 Rg3 30. Nf3 Nxh3+ 31. Kh2 Ng5 32. Qxd3 Nxf3+ 33. gxf3 Rxf3 34. Qd4
Qf4+ 35. Kg1 Qg3+ 36. Rg2 Qxe1+ 37. Kh2 g6 38. Qd8+ Kh7 39. Qd2 Qxe4 40. Rf2
Qe5+ 41. Kg1 Qg3+ 42. Rg2 Qh3 43. Qd7 Rf5 44. Qd4 Rh5 45. Qf6 Qe3+ 46. Rf2 Rg5+
47. Kh1 Qe1+ 48. Rf1 Qe4+ 49. Qf3 Qxf3+ 50. Rxf3 1/2-1/2

[Event "TCh-TUR Super League 2015"]
[Site "Kocaeli TUR"]
[Date "2015.08.14"]
[Round "12.1"]
[Board "1.3"]
[White "Kanmazalp, Ogulcan"]
[Black "Solak, Dragan"]
[Result "1/2-1/2"]
[WhiteTitle "IM"]
[BlackTitle "GM"]
[WhiteElo "2468"]
[BlackElo "2622"]
[WhiteTeam "Kayseri Seker Sports Club"]
[BlackTeam "Besiktas Jimnastik Kulubu"]
[WhiteFideId "6304990"]
[BlackFideId "916811"]
[EventDate "2015.08.04"]

1. e4 c6 2. d4 d5 3. Nc3 dxe4 4. Nxe4 Bf5 5. Ng3 Bg6 6. h4 h6 7. Nf3 Nd7 8. h5
Bh7 9. Bd3 Bxd3 10. Qxd3 e6 11. Bd2 Ngf6 12. O-O-O Be7 13. Kb1 O-O 14. Ne4 Nxe4
15. Qxe4 Nf6 16. Qe2 Qd5 17. Be3 b5 18. Nd2 Qf5 19. f3 b4 20. Bf2 Qb5 21. Qxb5
cxb5 22. Ne4 Nd5 23. Rhe1 a5 24. c3 Ra6 25. cxb4 axb4 26. Nc5 Ra7 27. Kc2 Rxa2
28. Ra1 Rfa8 29. Rxa2 Rxa2 30. Kb3 Ra8 31. Nd3 Nb6 32. Re5 Nd5 33. Re1 Kf8 34.
g4 Nb6 35. Re5 Nc4 36. Rxb5 Nd2+ 37. Kc2 Nxf3 38. Ne5 Nxe5 39. dxe5 f6 40. exf6
gxf6 41. Be1 Rd8 1/2-1/2

[Event "TCh-TUR Super League 2015"]
[Site "Kocaeli TUR"]
[Date "2015.08.14"]
[Round "12.1"]
[Board "1.4"]
[White "Atakisi, Umut"]
[Black "Yilmazyerli, Mert"]
[Result "1/2-1/2"]
[WhiteTitle "IM"]
[BlackTitle "IM"]
[WhiteElo "2332"]
[BlackElo "2450"]
[WhiteTeam "Besiktas Jimnastik Kulubu"]
[BlackTeam "Kayseri Seker Sports Club"]
[WhiteFideId "6301037"]
[BlackFideId "6305962"]
[EventDate "2015.08.04"]

1. e4 e5 2. Nf3 Qe7 3. Nc3 c6 4. d4 d6 5. a4 Nf6 6. b3 Bg4 7. Be2 Qc7 8. O-O Be7
9. h3 Bh5 10. dxe5 dxe5 11. Nh4 Bxe2 12. Qxe2 g6 13. Nf3 O-O 14. Qc4 Nbd7 15. a5
Kg7 16. Be3 Qd6 17. Rfd1 Qb4 18. Ra4 Qxc4 19. Rxc4 Rfc8 20. Na4 1/2-1/2

[Event "TCh-TUR Super League 2015"]
[Site "Kocaeli TUR"]
[Date "2015.08.14"]
[Round "12.1"]
[Board "1.5"]
[White "Atalik, Ekaterina"]
[Black "Ozturk, Kubra"]
[Result "1/2-1/2"]
[WhiteTitle "IM"]
[BlackTitle "WGM"]
[WhiteElo "2382"]
[BlackElo "2240"]
[WhiteTeam "Kayseri Seker Sports Club"]
[BlackTeam "Besiktas Jimnastik Kulubu"]
[WhiteFideId "4130189"]
[BlackFideId "6302599"]
[EventDate "2015.08.04"]

1. Nf3 d5 2. d4 Nf6 3. c4 dxc4 4. Nc3 a6 5. e4 b5 6. e5 Nd5 7. a4 e6 8. axb5 Bb4
9. Bd2 Nb6 10. bxa6 Rxa6 11. Rc1 Bb7 12. Be2 Nc6 13. Bg5 Qd7 14. O-O Na5 15. Ra1
O-O 16. Be3 Raa8 17. Nd2 Bxc3 18. bxc3 Bd5 19. Qc2 1/2-1/2

[Event "TCh-TUR Super League 2015"]
[Site "Kocaeli TUR"]
[Date "2015.08.14"]
[Round "12.1"]
[Board "1.6"]
[White "Arat, Ufuk Sezen"]
[Black "Yurtseven, Melih"]
[Result "1-0"]
[WhiteTitle "FM"]
[BlackTitle "FM"]
[WhiteElo "2409"]
[BlackElo "2299"]
[WhiteTeam "Besiktas Jimnastik Kulubu"]
[BlackTeam "Kayseri Seker Sports Club"]
[WhiteFideId "6309089"]
[BlackFideId "6312160"]
[EventDate "2015.08.04"]

1. d4 Nf6 2. c4 c5 3. d5 e5 4. Nc3 d6 5. g3 Be7 6. Bg2 Nbd7 7. e4 a6 8. a4 b6 9.
Nge2 O-O 10. O-O Ne8 11. h3 Ra7 12. b3 Bg5 13. f4 exf4 14. gxf4 Bh4 15. Bb2 g6
16. Nc1 Bf6 17. Nd3 Bd4+ 18. Kh2 Ng7 19. a5 bxa5 20. Na4 Bxb2 21. Naxb2 Re8 22.
Qd2 f5 23. e5 dxe5 24. fxe5 Nxe5 25. Nxe5 Rxe5 26. Nd3 Re8 27. Qxa5 Qd6+ 28. Kg1
Ne6 29. Rfe1 Rae7 30. Rad1 Nd4 31. Rxe7 Qxe7 32. Qxc5 Qe3+ 33. Kh1 f4 34. Re1
Ne2 35. Qxe3 Rxe3 36. Kh2 f3 37. Bxf3 Rxf3 38. Rxe2 Rxh3+ 39. Kg2 Rxd3 40. Re8+
Kf7 41. Rxc8 Rxb3 42. c5 Ke7 43. c6 Rc3 44. Rc7+ Kd8 45. Rxh7 a5 46. Ra7 Rc5 47.
Rd7+ Kc8 48. Kf3 a4 49. Ke4 Ra5 50. Rh7 Ra6 51. Ke5 a3 52. Kd6 Kb8 53. Rh8+ Ka7
54. Kc7 a2 55. Rh1 a1=Q 56. Rxa1 Rxa1 57. d6 Rd1 58. d7 g5 59. d8=Q 1-0

[Event "TCh-TUR Super League 2015"]
[Site "Kocaeli TUR"]
[Date "2015.08.14"]
[Round "12.1"]
[Board "1.7"]
[White "Ozen, Deniz"]
[Black "Gokerkan, Cem Kaan"]
[Result "1-0"]
[WhiteTitle "FM"]
[WhiteElo "2066"]
[BlackElo "2205"]
[WhiteTeam "Kayseri Seker Sports Club"]
[BlackTeam "Besiktas Jimnastik Kulubu"]
[WhiteFideId "6349196"]
[BlackFideId "6336760"]
[EventDate "2015.08.04"]

1. e4 c5 2. Nf3 d6 3. c3 Nf6 4. Bd3 g6 5. O-O Bg7 6. Bc2 O-O 7. h3 e6 8. d4 Nc6
9. Re1 b6 10. Bf4 Bb7 11. dxc5 e5 12. Bg5 dxc5 13. Na3 h6 14. Qxd8 Raxd8 15.
Bxf6 Bxf6 16. Nc4 h5 17. Rad1 b5 18. Ne3 Ne7 19. a4 a6 20. axb5 axb5 21. Rxd8
Rxd8 22. Rd1 Ra8 23. g4 Bc6 24. Rd6 hxg4 25. Nxg4 Bg7 26. Ngxe5 Be8 27. Nd3 Rc8
28. h4 Nc6 29. Rd5 c4 30. Nf4 b4 31. Rc5 bxc3 32. bxc3 Ne7 33. Rxc8 Nxc8 34. Ne2
Nb6 35. Kg2 Ba4 36. Bxa4 Nxa4 37. Nd2 Nxc3 38. Nxc3 Bxc3 39. Nxc4 Kg7 40. Kh3
Bd4 41. f4 Bc3 42. Kg4 Be1 43. Nd6 Bb4 44. Ne8+ Kf8 45. Nf6 Kg7 46. Nd5 Be1 47.
h5 gxh5+ 48. Kxh5 Bf2 49. Kg5 Bd4 50. Kf5 Ba1 51. Nc7 Bb2 52. Ne8+ Kf8 53. Nf6
Bc3 54. Nd5 Be1 55. Ke5 Bg3 56. Kd6 Ke8 57. Kc7 Bh2 58. Kc8 Bg3 59. Kc7 Bh2 60.
Kd6 Bg3 61. Ke5 Be1 62. Kf5 Kf8 63. Kg5 Bd2 64. Kh6 Bc1 65. Kh7 Bd2 66. Kh6 Bc1
67. Kg5 Bd2 68. Kf6 Be1 69. e5 Bh4+ 70. Kf5 Bd8 71. Ke4 Bh4 72. Ne3 Be1 73. Nd5
Bh4 74. Kd3 Bg3 75. Kc4 Kg7 76. Kd4 Bf2+ 77. Ke4 Kf8 78. Nb4 Be1 79. Nc6 Ke8 80.
Kd5 Bd2 81. f5 Bc3 82. Nd4 Bb4 83. Nf3 Ba3 84. Ne1 Bb4 85. Nd3 Ba3 86. Kc6 Bf8
87. Nc5 Bh6 88. Kd6 Bc1 89. Ne4 Ba3+ 90. Kd5 Bb4 91. f6 Ba3 92. e6 fxe6+ 93.
Kxe6 Be7 94. f7+ Kf8 95. Nf2 Bc5 96. Nd3 Ba3 97. Kf6 Be7+ 98. Kg6 Bd6 99. Nf2
Ba3 100. Nh3 Bc1 101. Nf2 Ba3 102. Ng4 Bb2 103. Nh6 Bc3 104. Nf5 Be5 105. Ne3
Bf4 106. Nd5 Bh6 107. Nf6 Ke7 108. Ng8+ 1-0

[Event "TCh-TUR Super League 2015"]
[Site "Kocaeli TUR"]
[Date "2015.08.14"]
[Round "12.1"]
[Board "1.8"]
[White "Arda, Cagil Irmak"]
[Black "Aksoy, Ayca"]
[Result "1-0"]
[WhiteTitle "WCM"]
[WhiteElo "1915"]
[BlackElo "1758"]
[WhiteTeam "Besiktas Jimnastik Kulubu"]
[BlackTeam "Kayseri Seker Sports Club"]
[WhiteFideId "6351700"]
[BlackFideId "6355978"]
[EventDate "2015.08.04"]

1. e4 c5 2. Nf3 e6 3. c4 Nc6 4. Nc3 a6 5. Be2 Nf6 6. O-O Qc7 7. a3 Bd6 8. g3 b6
9. d4 cxd4 10. Nxd4 Nxd4 11. Qxd4 Bb7 12. Qd3 Be5 13. Bg5 O-O 14. f3 Rfd8 15.
Rac1 h6 16. Be3 d6 17. Rfd1 Bxc3 18. Rxc3 Bc6 19. Qc2 Qb7 20. Bd4 e5 21. Be3
Rac8 22. Rc1 Nd7 23. b4 Qa7 24. Bf1 a5 25. Rd1 Nf6 26. Qf2 Rb8 27. Rcd3 Qc7 28.
Qd2 Ne8 29. c5 bxc5 30. bxc5 Bb5 31. cxd6 Qd7 32. Rd5 Bxf1 33. Kxf1 Qh3+ 34. Kg1
Qh5 35. f4 Qg6 36. f5 Qf6 37. d7 Nc7 38. Rd6 Qe7 39. Qxa5 Nb5 40. R6d5 Nxa3 41.
Bc5 Qg5 42. Qxa3 1-0

[Event "TCh-TUR Super League 2015"]
[Site "Kocaeli TUR"]
[Date "2015.08.14"]
[Round "12.2"]
[Board "2.1"]
[White "Mamedov, Nidjat"]
[Black "Yuksel, Atilla Koksal"]
[Result "1-0"]
[WhiteTitle "GM"]
[BlackTitle "CM"]
[WhiteElo "2597"]
[BlackElo "2103"]
[WhiteTeam "Calli Sports Club"]
[BlackTeam "Ankara Demirspor Kulubu"]
[WhiteFideId "13400819"]
[BlackFideId "6306667"]
[EventDate "2015.08.04"]

1. e4 c5 2. Nf3 Nc6 3. Bb5 g6 4. Bxc6 dxc6 5. d3 Bg7 6. h3 e5 7. O-O Ne7 8. a3
O-O 9. b4 cxb4 10. axb4 h6 11. Bb2 Qd6 12. Qe1 g5 13. Nbd2 Be6 14. Nc4 Bxc4 15.
dxc4 Ng6 16. Qc3 Nf4 17. Rfe1 Rfd8 18. Ra5 b6 19. Ra6 Ne6 20. Qa3 Nd4 21. Bxd4
exd4 22. c5 Qb8 23. e5 bxc5 24. bxc5 Re8 25. Rxc6 Bxe5 26. Rd1 Bg7 27. Rd6 Qb5
28. Nxd4 Bxd4 29. R6xd4 Rac8 30. Rd5 Qc4 31. Qxa7 Re1+ 32. Rxe1 Qxd5 33. Qa6 Qc6
34. Qxc6 Rxc6 35. Re5 Ra6 36. Re3 Rc6 37. Rc3 f6 38. f4 gxf4 39. Kf2 Kf7 40. Kf3
f5 41. Kxf4 Kf6 42. h4 h5 43. g3 1-0

[Event "TCh-TUR Super League 2015"]
[Site "Kocaeli TUR"]
[Date "2015.08.14"]
[Round "12.2"]
[Board "2.2"]
[White "Severcan, Sedat Sabri"]
[Black "Ertan, Can"]
[Result "1-0"]
[BlackTitle "FM"]
[WhiteElo "1819"]
[BlackElo "2238"]
[WhiteTeam "Ankara Demirspor Kulubu"]
[BlackTeam "Calli Sports Club"]
[WhiteFideId "6351395"]
[BlackFideId "6306330"]
[EventDate "2015.08.04"]

1. d4 Nf6 2. c4 e6 3. Nf3 b6 4. Nc3 Bb7 5. e3 d5 6. cxd5 exd5 7. Ne5 Bd6 8. Be2
O-O 9. O-O c5 10. f4 Nc6 11. Bf3 cxd4 12. Nxc6 Bxc6 13. exd4 Re8 14. Qb3 Bf8 15.
Bd2 Ne4 16. Bxe4 dxe4 17. Be3 Qd7 18. Rad1 Bb7 19. Rfe1 Rac8 20. Rc1 Ba6 21. Qd5
Qg4 22. Qg5 Qxg5 23. fxg5 Bd3 24. a3 Red8 25. g3 g6 26. Nd5 Kh8 27. Nf6 Bg7 28.
Kf2 b5 29. Bf4 h6 30. h4 Bxf6 31. gxf6 Kh7 32. Be5 Rc4 33. b3 Rc2+ 34. Rxc2 Bxc2
35. b4 Rc8 36. Rc1 Kg8 37. Ke3 Rc4 38. d5 Kf8 39. d6 Ke8 40. Kd2 e3+ 41. Kxe3
Re4+ 42. Kf3 Rxe5 43. Rxc2 Rf5+ 44. Ke4 Rxf6 45. Kd5 Rf5+ 46. Kc6 Kd8 47. Rc5
Rf3 48. Rxb5 Rc3+ 49. Kd5 Rd3+ 50. Ke5 Re3+ 51. Kf4 Rxa3 52. Rb7 Rb3 53. g4 a5
54. b5 a4 55. Ke5 a3 56. Rxf7 Re3+ 57. Kd5 Rd3+ 58. Kc6 Rc3+ 59. Kd5 Rd3+ 60.
Kc5 Rc3+ 61. Kb4 Rg3 62. Ra7 Rxg4+ 63. Kc5 Rg3 64. b6 Rb3 65. b7 a2 66. Rxa2
Rxb7 67. Kc6 Rb8 68. d7 Ke7 69. Kc7 1-0

[Event "TCh-TUR Super League 2015"]
[Site "Kocaeli TUR"]
[Date "2015.08.14"]
[Round "12.2"]
[Board "2.3"]
[White "Burcu, Cagatay"]
[Black "Arig, Busra"]
[Result "1-0"]
[WhiteElo "2178"]
[BlackElo "1783"]
[WhiteTeam "Calli Sports Club"]
[BlackTeam "Ankara Demirspor Kulubu"]
[WhiteFideId "6310630"]
[BlackFideId "6309356"]
[EventDate "2015.08.04"]

1. d4 f5 2. Nf3 Nf6 3. c4 g6 4. g3 Bg7 5. Bg2 O-O 6. O-O d6 7. Nc3 c6 8. Rb1 Ne4
9. Qc2 Nxc3 10. bxc3 Na6 11. Rd1 Qe8 12. d5 Nc5 13. Nd4 e5 14. dxc6 exd4 15.
cxd4 bxc6 16. dxc5 dxc5 17. Bf4 Be5 18. Bxe5 Qxe5 19. Bxc6 Rb8 20. Rxb8 Qxb8 21.
Bd5+ Kg7 22. Qc3+ Rf6 23. e3 Qb6 24. Qa1 Kh6 25. Rb1 Qd6 26. Re1 Bd7 27. Qc1 Kg7
28. Qc3 Kh6 29. e4 fxe4 30. Rxe4 Bf5 31. Qe3+ g5 32. h4 Rg6 33. hxg5+ Rxg5 34.
Rh4+ Kg6 35. Qe8+ Kg7 36. Qg8+ 1-0

[Event "TCh-TUR Super League 2015"]
[Site "Kocaeli TUR"]
[Date "2015.08.14"]
[Round "12.2"]
[Board "2.5"]
[White "Mammadova, Gulnar"]
[Black "Gyokbulut, Julia"]
[Result "1-0"]
[WhiteTitle "WGM"]
[BlackTitle "WFM"]
[WhiteElo "2313"]
[BlackElo "1975"]
[WhiteTeam "Calli Sports Club"]
[BlackTeam "Ankara Demirspor Kulubu"]
[WhiteFideId "13403508"]
[BlackFideId "4153979"]
[EventDate "2015.08.04"]

1. e4 c5 2. Nf3 e6 3. b3 a6 4. c4 Nc6 5. Bb2 Qc7 6. Nc3 Nf6 7. g3 Be7 8. Bg2 Rb8
9. O-O O-O 10. Rc1 b6 11. d4 cxd4 12. Nxd4 Nxd4 13. Qxd4 Bc5 14. Qd3 Bb7 15. Na4
Rfd8 16. a3 a5 17. Nc3 Ba6 18. Nb5 Bxb5 19. cxb5 Qa7 20. e5 Ne8 21. Kh1 d6 22.
Qc3 dxe5 23. Qxe5 Qe7 24. a4 f6 25. Qe2 Rbc8 26. Bh3 Nc7 27. Rc4 Rd6 28. Bc3 Nd5
29. Bd4 Rc7 30. Bxc5 bxc5 31. Rfc1 Rb6 32. Re4 f5 33. Re5 g6 34. Bg2 Nf6 35. Bc6
Kf7 36. Rexc5 Nd5 37. Qe5 Rc8 38. Bxd5 Rxc5 39. Rxc5 Rd6 40. Bf3 Qd8 41. Kg2 h5
42. h4 1-0

[Event "TCh-TUR Super League 2015"]
[Site "Kocaeli TUR"]
[Date "2015.08.14"]
[Round "12.2"]
[Board "2.6"]
[White "Karaahmetoglu, Ege"]
[Black "Tasdogen, Dincer"]
[Result "1/2-1/2"]
[WhiteElo "2032"]
[BlackElo "1957"]
[WhiteTeam "Ankara Demirspor Kulubu"]
[BlackTeam "Calli Sports Club"]
[WhiteFideId "6361145"]
[BlackFideId "6367097"]
[EventDate "2015.08.04"]

1. e4 c5 2. Nf3 e6 3. c3 d5 4. exd5 Qxd5 5. d4 Nf6 6. Be2 Nc6 7. Be3 cxd4 8.
cxd4 Be7 9. Nc3 Qd6 10. O-O O-O 11. Rc1 Bd7 12. Qd2 Nd5 13. Nxd5 Qxd5 14. Bc4
Qa5 15. Qe2 Bf6 16. Rfd1 Ne7 17. Ne5 Bxe5 18. dxe5 Bc6 19. Bd2 Qb6 20. Bg5 Qc7
21. b4 a6 22. a4 Bxa4 23. Bb3 Bc6 24. Bc2 Ng6 25. Rd6 Qb6 26. Rb1 Qb5 27. Qxb5
Bxb5 28. Re1 Rac8 29. Be4 Rc7 30. Bd8 Rc4 31. Ba5 Nxe5 32. Bxb7 Nc6 33. Bxc6
Rxc6 34. Rxc6 Bxc6 35. Rc1 Rc8 36. f3 f6 37. Kf2 Kf7 38. Ke3 e5 39. Bb6 Ke6 40.
g3 Bb7 41. Rxc8 Bxc8 42. Kd3 Bb7 43. Ke3 Kf5 44. h3 h5 45. h4 g5 46. Bc7 gxh4
47. gxh4 Ke6 48. Bd8 Bc6 49. f4 e4 50. Bb6 Kf5 51. Bd8 1/2-1/2

[Event "TCh-TUR Super League 2015"]
[Site "Kocaeli TUR"]
[Date "2015.08.14"]
[Round "12.2"]
[Board "2.7"]
[White "Saba, Zafer Rabin"]
[Black "Yaver, Faik Emre"]
[Result "1-0"]
[WhiteElo "1989"]
[BlackElo "2006"]
[WhiteTeam "Calli Sports Club"]
[BlackTeam "Ankara Demirspor Kulubu"]
[WhiteFideId "6329500"]
[BlackFideId "6329969"]
[EventDate "2015.08.04"]

1. Nf3 d5 2. d4 Nf6 3. c4 c6 4. e3 e6 5. Nc3 Nbd7 6. Qc2 Bd6 7. b3 O-O 8. Bb2
Qe7 9. Be2 dxc4 10. bxc4 e5 11. O-O Re8 12. c5 Bc7 13. Rfd1 e4 14. Nd2 Nf8 15.
h3 h6 16. a4 Bf5 17. Nc4 Nd5 18. Nxd5 cxd5 19. Nd6 Bxd6 20. cxd6 Qxd6 21. Ba3
Qg6 22. Kh1 Qe6 23. Bf1 Rec8 24. Qb3 Rc7 25. a5 Rac8 26. Bc5 a6 27. Qb4 Nd7 28.
Bd6 Rc6 29. Bg3 b6 30. axb6 Rxb6 31. Qa4 h5 32. Rdc1 Rxc1 33. Rxc1 g5 34. Bc7
Rb2 35. Rc6 Ra2 36. Rxe6 Rxa4 37. Rxa6 Rxa6 38. Bxa6 Be6 39. Kg1 f6 40. Kf1 Kf7
41. Ke1 Ke7 42. Kd2 Nf8 43. Be2 Bf7 44. Ba5 Ne6 45. Bd1 Be8 46. Bb4+ Kf7 47.
Bxh5+ 1-0

[Event "TCh-TUR Super League 2015"]
[Site "Kocaeli TUR"]
[Date "2015.08.14"]
[Round "12.2"]
[Board "2.8"]
[White "Sahin, Hayrun Nisa"]
[Black "Uzun, Belemir"]
[Result "1/2-1/2"]
[WhiteElo "1648"]
[BlackElo "1682"]
[WhiteTeam "Ankara Demirspor Kulubu"]
[BlackTeam "Calli Sports Club"]
[WhiteFideId "6380875"]
[BlackFideId "6365655"]
[EventDate "2015.08.04"]

1. c4 e5 2. Nc3 Bb4 3. g3 Nf6 4. Bg2 O-O 5. e3 Bxc3 6. bxc3 d6 7. d4 c6 8. Ba3
Re8 9. Nf3 e4 10. Nd2 Qe7 11. c5 d5 12. c4 Qc7 13. O-O Bg4 14. Qb3 Na6 15. Rfb1
Rab8 16. Rb2 h5 17. Qa4 Bc8 18. Rab1 g6 19. Bf1 Bd7 20. Nb3 Qc8 21. Na5 b6 22.
cxb6 Rxb6 23. Rxb6 axb6 24. Rxb6 Nb8 25. c5 Kg7 26. Nb7 Rh8 27. Nd6 Qd8 28. h4
g5 29. hxg5 Ng4 30. Qa7 Be6 31. Rb7 Nd7 32. Bg2 h4 33. gxh4 Rxh4 34. Rc7 Rh2 35.
Bb2 Rxg2+ 36. Kxg2 Nxe3+ 37. fxe3 Qxg5+ 38. Kf2 Qh4+ 39. Ke2 Qh2+ 40. Ke1 Bg4
41. Qa6 Qxb2 42. Qf1 Qc3+ 43. Kf2 Qd2+ 44. Kg3 Be6 45. Qf2 Qd1 46. Kg2 Nf6 47.
Nf5+ Kf8 48. Nh6 Qh5 49. Qxf6 Qh3+ 50. Kf2 Qh2+ 51. Ke1 Qxc7 52. Nf5 Bxf5 53.
Qxf5 Qa5+ 54. Kf1 Qb5+ 55. Kg2 Qe2+ 56. Qf2 Qg4+ 57. Kf1 Qd1+ 58. Kg2 Qg4+ 1/2-1/2

[Event "TCh-TUR Super League 2015"]
[Site "Kocaeli TUR"]
[Date "2015.08.14"]
[Round "12.3"]
[Board "3.1"]
[White "Morchiashvili, Bachana"]
[Black "Kuzubov, Yuriy"]
[Result "0-1"]
[WhiteTitle "IM"]
[BlackTitle "GM"]
[WhiteElo "2318"]
[BlackElo "2638"]
[WhiteTeam "Pamukkale Yonetimi Bilisim Sistemleri Zeka"]
[BlackTeam "Tarsus Zeka Satranc Kulubu"]
[WhiteFideId "13602535"]
[BlackFideId "14112906"]
[EventDate "2015.08.04"]

1. d4 d6 2. Nf3 g6 3. c4 f5 4. Nc3 Nf6 5. Bg5 Bg7 6. Bxf6 Bxf6 7. e4 Nc6 8. Bd3
Bxd4 9. exf5 Bxc3+ 10. bxc3 Bxf5 11. Bxf5 gxf5 12. Ng5 e6 13. Qh5+ Kd7 14. O-O
Qf6 15. Rfe1 Rae8 16. Re2 Qg6 17. Qh4 h6 18. Nf3 Rhg8 19. g3 Qg4 20. Qxg4 Rxg4
21. Nd2 b6 22. Rae1 h5 23. h4 Na5 24. Kg2 e5 25. f4 Reg8 26. fxe5 Rxg3+ 27. Kh2
dxe5 28. Rf1 R3g4 29. Kh3 f4 30. Nf3 Nxc4 31. Nxe5+ Nxe5 32. Rxe5 Rg3+ 33. Kh2
Rg2+ 34. Kh1 Rxa2 35. Rxf4 Rc2 36. Rxh5 Rxc3 37. Kh2 Re8 38. Rg5 Re2+ 39. Rg2
Rxg2+ 40. Kxg2 Ke6 41. h5 Ke5 0-1

[Event "TCh-TUR Super League 2015"]
[Site "Kocaeli TUR"]
[Date "2015.08.14"]
[Round "12.3"]
[Board "3.2"]
[White "Mchedlishvili, Mikheil"]
[Black "Yurtsever, Senel"]
[Result "1-0"]
[WhiteTitle "GM"]
[WhiteElo "2605"]
[BlackElo "1843"]
[WhiteTeam "Tarsus Zeka Satranc Kulubu"]
[BlackTeam "Pamukkale Yonetimi Bilisim Sistemleri Zeka"]
[WhiteFideId "13600966"]
[BlackFideId "6390005"]
[EventDate "2015.08.04"]

1. d4 d5 2. c4 c6 3. Nf3 Nf6 4. Nc3 e6 5. g3 Nbd7 6. Bg2 b6 7. O-O Bb7 8. Nd2
Qc7 9. e4 dxe4 10. Ndxe4 Nxe4 11. Nxe4 Nf6 12. Bf4 Qd7 13. Nxf6+ gxf6 14. Re1
Bd6 15. Qf3 Bxf4 16. Qxf4 Qe7 17. d5 cxd5 18. cxd5 e5 19. Qa4+ Qd7 20. Qa3 a5
21. f4 O-O-O 22. fxe5 fxe5 23. Rxe5 Qd6 24. Qe3 Kb8 25. Rf1 Rhf8 26. Re7 f5 27.
Re6 Qc5 28. Qxc5 bxc5 29. Re5 Bc8 30. Rc1 f4 31. gxf4 Rxf4 32. Rxc5 Rg8 33. Re3
a4 34. Rcc3 Ba6 35. Rg3 Re8 36. Rce3 Rc8 37. h3 Rc1+ 38. Kh2 Rf2 39. d6 Rd2 40.
Re8+ Rc8 41. Re4 Bc4 42. Rgg4 h5 43. Rg7 Rxd6 44. Ree7 Rb6 45. Ra7 Bd5 1-0

[Event "TCh-TUR Super League 2015"]
[Site "Kocaeli TUR"]
[Date "2015.08.14"]
[Round "12.3"]
[Board "3.3"]
[White "Oz, Ozan"]
[Black "Keler, Faruk"]
[Result "1-0"]
[WhiteElo "1807"]
[BlackElo "2286"]
[WhiteTeam "Pamukkale Yonetimi Bilisim Sistemleri Zeka"]
[BlackTeam "Tarsus Zeka Satranc Kulubu"]
[WhiteFideId "6349188"]
[BlackFideId "6302734"]
[EventDate "2015.08.04"]

1. d4 d5 2. Nc3 Nf6 3. Bf4 e6 4. Nf3 c5 5. e3 a6 6. dxc5 Bxc5 7. Bd3 O-O 8. O-O
Nc6 9. e4 h6 10. e5 Nd7 11. Re1 f6 12. exf6 Qxf6 13. Bg3 Bb4 14. a3 Ba5 15. Bd6
Rd8 16. Qe2 Nf8 17. Bg3 Bxc3 18. bxc3 Qxc3 19. Ne5 Nxe5 20. Bxe5 Qc5 21. Qg4 Qe7
22. Re3 Nd7 23. Bxg7 Qxg7 24. Qxe6+ Kh8 25. Rae1 Rf8 26. Qd6 Nf6 27. Rg3 Ng4 28.
Rge3 Nf6 29. Rg3 Ng4 30. Re7 Qa1+ 31. Bf1 Qf6 32. Rf3 Bf5 33. Qc7 Rac8 34. Qxb7
Rb8 35. Qa7 Rb1 36. Rh7+ Kg8 37. Rxf5 Ne3 38. Qxe3 Qxf5 39. Rxh6 Rf6 40. Qg3+
Kf7 41. Qc7+ Kg8 42. Qg3+ Kf7 43. Qc7+ Kg8 44. Qd8+ Rf8 45. Qh4 Kg7 46. Rxa6
Rfb8 47. g4 Qe5 48. Qh6+ Kf7 49. Qg6+ Ke7 50. Ra7+ 1-0